=LDR 00000nam 2200000 4500 =001 NUTBA000000000003241 =005 20140811103923.0 =006 =007 =008 =020 ##$$a 978-602-8181-57-8 =035 ##$$a 0010-081400000000085 =040 ##$$a NBPDMAT =082 ##$$a 372.7 =090 ##$$a 372.7 $b Wen a =100 ##$$a Weni Rahayu =245 ##$$a Ayo menghitung buah / $c Weni Rahayu =260 ##$$a Jakarta : $b Bina Sarana Pustaka, $c 2012 =300 ##$$a iv, 11 hlm $b ilus. ; $c 18 cm. =650 ##$$a Matematika-TK =990 ##$$a 21404252 =990 ##$$a 0001/BPAP-NTB/20142014 =990 ##$$a 0001/BPAP-NTB/20142014 =990 ##$$a 0001/BPAP-NTB/20142014 =990 ##$$a 0001/BPAP-NTB/20142014 =990 ##$$a 0001/BPAP-NTB/20142014